000 00903nas a2200301 4500
001 BR2016003820
003 BR-BrBNA
005 20231205130601.0
007 ta
008 230509b bl.|||p| |||| 00| 00por d
040 _aBR-BrBNA
_bpor
_cBiblioteca Nacional de Agricultura
041 _a(Pt)
072 _aL60; L20; L53
100 1 _aSantos, T.G. dos
100 1 _aKopp, K.
100 1 _aSpies, M.R.
100 1 _aTrevisan, R.
100 1 _aCechin, S.Z.
245 1 _aDistribuição temporal e espacial de anuros em área de pampa, Santa Maria, RS
650 _aDISTRIBUIÇÃO GEOGRÁFICA
650 _aSAPO
650 _a
650 _aREPRODUÇÃO ANIMAL
650 _aZONEAMENTO ECOLÓGICO
773 0 _tIheringia. Série Zoologia (Brazil)
_xISSN 0073-4721
_g(Jun 2008), v. 98(2) p. 244-253
_wBR2016003820
909 _a202311
_bLúcia
_c55
_dLúcia Elande
942 _2AGRIS
_n0
_cANA
999 _c250215
_d250215